Dune road. / (Record no. 5730)
[ view plain ]
| 000 -LEADER | |
|---|---|
| fixed length control field | 00364nam a22001337a 4500 |
| 008 - FIXED-LENGTH DATA ELEMENTS--GENERAL INFORMATION | |
| fixed length control field | 150904b xxu||||| |||| 00| 0 eng d |
| 020 ## - INTERNATIONAL STANDARD BOOK NUMBER | |
| International Standard Book Number | 9780143170532 |
| 050 ## - LIBRARY OF CONGRESS CALL NUMBER | |
| Classification number | PR6057.R3443 D86 |
| 100 ## - MAIN ENTRY--PERSONAL NAME | |
| Personal name | Green, Jane |
| 245 ## - TITLE STATEMENT | |
| Title | Dune road. / |
| Statement of responsibility, etc. | Jane Green. |
| 260 ## - PUBLICATION, DISTRIBUTION, ETC. | |
| Place of publication, distribution, etc. | London: |
| Name of publisher, distributor, etc. | Penguin Books, |
| Date of publication, distribution, etc. | 2009. |
| 300 ## - PHYSICAL DESCRIPTION | |
| Extent | ix, 450p.: + various pagings. |
| Other physical details | 19cm. |
| 942 ## - ADDED ENTRY ELEMENTS (KOHA) | |
| Source of classification or shelving scheme | Library of Congress Classification |
| Koha item type | Books |
| Withdrawn status | Lost status | Source of classification or shelving scheme | Damaged status | Not for loan | Home library | Current library | Shelving location | Date acquired | Total Checkouts | Full call number | Barcode | Date last seen | Price effective from | Koha item type |
|---|---|---|---|---|---|---|---|---|---|---|---|---|---|---|
| Library of Congress Classification | WISCONSIN INTERNATIONAL UNIVERSITY COLLEGE, GHANA - MAIN LIBRARY | WISCONSIN INTERNATIONAL UNIVERSITY COLLEGE, GHANA - MAIN LIBRARY | Reference | 04/09/2015 | PR6057.R3443 D86 | N17/13 | 04/09/2015 | 04/09/2015 | Books |
